| 000 | 00619nam a2200217Ia 4500 | ||
|---|---|---|---|
| 001 | 5248 | ||
| 003 | GE_BSU | ||
| 008 | 181216s||||||||xx |||||||||||||| ||und|| | ||
| 040 | _cGE_BSU | ||
| 080 | _a512 | ||
| 100 | _aБеран, Л. | ||
| 245 | _aУпорядоченные множества | ||
| 245 | _cПод ред. Л.А. Скорнякова. Пер. с чешского В.Н.Салия | ||
| 260 | _aМосква | ||
| 260 | _bНаука | ||
| 260 | _c1981 | ||
| 300 | _a61 с.20 см | ||
| 300 | _eБиблиогр.: стр.63 | ||
| 653 | _aУпорядоченные множества | ||
| 942 | _cBK | ||
| 999 |
_c38839 _d38839 |
||